000 01139nam a2200349Ia 4500
003 OSt
005 20220912145036.0
006 a|||||r|||| 00| 0
007 ta
008 220909b |||||||| |||| 00| 0 eng d
020 _a9783540746676 (hbd)
024 _a82214
037 _b195, 25/11/2008, Dhanraj Book House
037 _cTextbook
040 _aCSL
_beng
_cCSL
041 _aeng
082 _aH422:(E), P5;P8 TH
100 _aMerkel Broder J
245 0 _aGroundwater geochemistry:practical guide to modeling of natural and contaminated aquatic systems
250 _a2
260 _aBerlin
_bSpringer
_c2008
300 _axi, 230p. Includes CD-Rom
_ccm.
500 _a''References 215-219p''.; ''Index 221-230p''.
650 _a Geochemistry
650 _a Groundwater
650 _a Kinetics
650 _aGeology
700 _a Friedrich-Planer Britta
700 _a Nordstrom Darrell Kirk Ed.
942 _hH422:(E), P5;P8 TH
_cTB
_2CC
999 _c21619
_d21619